Química: tercero medio

Saved in:
Bibliographic Details
Main Authors: Marambio Montero, Leonor Aída (autora), González Palavicino (Author), Guzmán Porras, Javier Andrés (Author), Rojas Smith María Soledad (Author)
Other Authors: López Vivar, José Tomás (autor)
Format: Book
Language:Spanish
Published: Santiago Santillana 2005
Subjects:
Tags: Add Tag
No Tags, Be the first to tag this record!

MARC

LEADER 00000nam a2200000 a 4500
001 UCK9433
003 CL-VaPUC
008 060512e20050000CL |||||||||||||||||spa|d
020 |a 9561510227 
082 0 4 |a 540.712  |b MAR  |2 21 
100 |a Marambio Montero, Leonor Aída  |e autora  |9 544425 
700 |a López Vivar, José Tomás  |e autor  |9 547332 
700 0 |a González Palavicino  |e author  |9 499247 
700 |a Guzmán Porras, Javier Andrés  |e author  |9 549284 
700 0 |a Rojas Smith María Soledad  |e author  |9 499249 
245 1 0 |a Química: tercero medio 
300 |a 191 p 
942 |c BK 
945 |d 20060512 00:00:00  |a jtorresc 
260 |a Santiago  |b Santillana  |c 2005 
650 0 |a Química  |9 259896 
650 0 |a Enseñanza de la química  |9 339845 
583 |a last modification  |c 20060512 00:00:00  |k Rodrigo Vera 
999 |c 316640  |d 316638